Statistics for Olivia - One Direction (All Lyrics)

Click here to take the quiz!

General Stats

  • This quiz has been taken 23 times
  • The average score is 245 of 295

Answer Stats

Answer% Correct
a
100%
I
100%
Olivia
100%
you
100%
be
95%
do
95%
don't
95%
for
95%
live
95%
love
95%
the
95%
to
95%
your
95%
and
89%
in
89%
long
89%
me?
89%
me
89%
of
89%
oh
89%
on
89%
I'd
84%
I've
84%
let
84%
my
84%
out
84%
been
79%
go
79%
I'm
79%
it
79%
light
79%
please
79%
we
79%
were
79%
when
79%
with
79%
you're
79%
believe
74%
'cause
74%
day
74%
eyes
74%
Remember
74%
see
74%
things
74%
told
74%
up
74%
what
74%
all
68%
giving
68%
got
68%
is
68%
mean
68%
say
68%
time
68%
walking
68%
enough
63%
feeling
63%
friends
63%
give
63%
leaving
63%
now
63%
saying
63%
t-shirt
63%
bed
58%
didn't
58%
lying
58%
about
53%
bleeding
53%
butterflies
53%
consequences
53%
creation
53%
imagination
53%
it's
53%
just
53%
not
53%
red
53%
seeing
53%
she's
53%
summertime
53%
wine
53%
ya
53%
alone
47%
are
47%
belong
47%
falling
47%
idolizing
47%
these
47%
this
47%
crying
42%
how
42%
reasons
42%
thinking
42%
went
42%
wrong
42%
having
37%
irrelevant
37%
isn't
37%
something
37%
stain
37%
nightmares
32%

Score Distribution

Percentile by Number Answered

Percent of People with Each Score

Your Score History

You have not taken this quiz